• 首页
  • 本馆介绍
  • 公告通知
  • 最新文献
  • 馆藏检索
  • 电子资源
  • 读者导购
  • 参考咨询
  • 我的图书馆
  • 登录
  • 详细信息显示
  • 放入我的书架
  • 预约/预借图书
  • 作者相关作品
  • 分类相关作品
  • 丛书相关作品
  • 出版社相关作品

书目信息

  • 表格格式
  • 工作单格式
  • 卡片格式
题名:
建筑安装企业质量管理
    
 
作者: 赵丕熙 编著
分册:  
出版信息: 北京   科学技术文献出版社  1988.11
页数: 331页
开本: 26厘米
丛书名:
单 册:
中图分类: TU758
科图分类:
主题词: 建筑安装工程-质量管理 , 质量管理-建筑安装工程
电子资源:
ISBN: 7-5023-0673-0
000 00893nam0 2200253 45
001 0189004445
005 20060810095055.00
010    @a7-5023-0673-0@dCNY6.50
020    @a89004445
100    @a19900816d1988 m y0chiy0120 ea
101 0  @achi
102    @aCN@b110000
105    @ay z 000yy
200 10 @a建筑安装企业质量管理@Ajian zhu an zhuang qi ye zhi liang guan li@f赵丕熙编著@Fzhao pi xi bian zhu
210    @a北京@c科学技术文献出版社@d1988.11
215    @a331页@d26厘米
330    @a本书介绍了建筑安装企业质量管理的程序、内容、原理和方法,叙述了全面质量管理及质量保证在施工企业的应用。
540 1  @a建筑 安装 企业 质量 管理@Ajian zhu an zhuang qi ye zhi liang guan li
606    @a建筑安装工程-质量管理
606    @a质量管理-建筑安装工程
690    @aTU758@v1980
701  0 @a赵丕熙@Azhao pi xi@4编著
801  0 @aCN@bTSSF@c20060810
905    @a10447@dTU758@e286
    
    建筑安装企业质量管理/赵丕熙编著.-北京:科学技术文献出版社,1988.11
    331页;26厘米
    
    
    ISBN 7-5023-0673-0:CNY6.50
    本书介绍了建筑安装企业质量管理的程序、内容、原理和方法,叙述了全面质量管理及质量保证在施工企业的应用。
●
相关链接 在E读中查询图书 在五车中查询图书 在当当中查询图书 在豆瓣中查询图书


正题名:建筑安装企业质量管理     索取号:TU758/286         预约/预借

序号 登录号 条形码 馆藏地/架位号 状态 备注
1 0452001   204520018   密集书库/ [索取号:TU758/286] 在馆    
唐山师范学院图书馆 欢迎您!
大连网信软件有限公司© 版权所有